000 00343nam a22001217a 4500
003 SGT
082 _a920
_bM07S
100 _aसहाय, आनंद किशोर
245 _aमोहित सेन : एक आत्मकथा
260 _bनेशनल बुक ट्रस्ट
_c2007
300 _a329
942 _2ddc
_cBK
999 _c31801
_d31801